Bunga-bungaan (Record no. 123307)

MARC details
000 -LEADER
fixed length control field 00805nam a2200277 i 4500
001 - CONTROL NUMBER
control field C2-0323158
003 - CONTROL NUMBER IDENTIFIER
control field PPAK
005 - DATE AND TIME OF LATEST TRANSACTION
control field 20180728121840.0
008 - FIXED-LENGTH DATA ELEMENTS--GENERAL INFORMATION
fixed length control field 131009s2013 my a|||| ||||| | may d
020 ## - INTERNATIONAL STANDARD BOOK NUMBER
International Standard Book Number 9789675297106
040 ## - CATALOGING SOURCE
Original cataloging agency PPAK
Language of cataloging eng
Transcribing agency PPAK
Description conventions rda
082 04 - DEWEY DECIMAL CLASSIFICATION NUMBER
Classification number 333.72
Edition number 23
090 00 - LOCALLY ASSIGNED LC-TYPE CALL NUMBER (OCLC); LOCAL CALL NUMBER (RLIN)
Classification number (OCLC) (R) ; Classification number, CALL (RLIN) (NR) 333.72
Feature heading BUN
Feature heading K
245 00 - TITLE STATEMENT
Title Bunga-bungaan
264 #1 - PRODUCTION, PUBLICATION, DISTRIBUTION, MANUFACTURE, AND COPYRIGHT NOTICE
Place of production, publication, distribution, manufacture Klang, Selangor :
Name of producer, publisher, distributor, manufacturer Atika Media ,
Date of production, publication, distribution, manufacture, or copyright notice 2013
300 ## - PHYSICAL DESCRIPTION
Extent 44 pages :
Other physical details illustrations ;
Dimensions 26 cm
336 ## - CONTENT TYPE
Source rdacontent
Content type term text
337 ## - MEDIA TYPE
Source rdamedia
Media type term unmediated
338 ## - CARRIER TYPE
Source rdacarrier
Carrier type term volume
490 1# - SERIES STATEMENT
Series statement Melindungi keaslian alam sekitar
500 ## - GENERAL NOTE
General note Mengandungi latihan
650 10 - SUBJECT ADDED ENTRY--TOPICAL TERM
Topical term or geographic name entry element Flowers. ; Environmental protection.
700 0# - ADDED ENTRY--PERSONAL NAME
Personal name Siti Murni Abdullah,
Relator term compile
830 #0 - SERIES ADDED ENTRY--UNIFORM TITLE
Uniform title Melindungi keaslian alam sekitar
942 ## - ADDED ENTRY ELEMENTS (KOHA)
-- dc
Koha item type Book
Holdings
Withdrawn Not for loan Current library Shelving location Date acquired Full call number Barcode Date last seen Koha item type Total Checkouts Total Renewals Date last checked out
    Perpustakaan Alor Setar Pinjaman Kanak-kanak 10/10/2013 K 333.72 BUN A01423285 09/05/2018 Book      
    Perpustakaan Alor Setar Pinjaman Kanak-kanak 10/10/2013 K 333.72 BUN A01423286 09/05/2018 Book      
    Perpustakaan Awam Sungai Petani Pinjaman Kanak-kanak 10/10/2013 K 333.72 BUN A01423287 09/05/2018 Book      
    Perpustakaan Baling Pinjaman Kanak-kanak 10/10/2013 K 333.72 BUN A01423290 09/05/2018 Book      
    Perpustakaan Bandar Baharu Pinjaman Kanak-kanak 10/10/2013 K 333.72 BUN A01423292 09/05/2018 Book      
    Perpustakaan Jitra Pinjaman Kanak-kanak 10/10/2013 K 333.72 BUN A01423288 09/05/2018 Book      
    Perpustakaan Kulim Pinjaman Kanak-kanak 10/10/2013 K 333.72 BUN A01423289 09/05/2018 Book      
    Perpustakaan Langkawi Pinjaman Kanak-kanak 10/10/2013 K 333.72 BUN A01423291 09/05/2018 Book      
    Perpustakaan Merbok Pinjaman Kanak-kanak 10/10/2013 K 333.72 BUN A01423294 09/05/2018 Book      
    Perpustakaan Sik Pinjaman Kanak-kanak 10/10/2013 K 333.72 BUN A01423293 11/10/2023 Book 1 2 11/07/2023